000 00726 a2200241 4500
005 20160609152834.0
008 110413t xxu||||| |||| 00| 0 eng d
020 _a2-10-002656-9
040 _aBUAC
_bFre
_cBUDOC
041 _aFre
100 _aQUIVY, Raymond
_916223
130 _lFR
_916225
245 _aManuel de recherche en sciences sociales
_c /raymond Quivy, Luc Van Campenhoudt
250 _a2e éd.
_bentièrement rev. et augm.
260 _aParis
_bDunod
_c1995
300 _axii-287 p.
_c22 cm.
440 _a(Psycho sup
_x0080-7648)
_916227
630 _aSCIENCES SOCIALES
_916234
650 _aRecherche : sociologie
_916231
700 1 _aVAN CAMPENHOUDT, Luc
_916233
942 _cLIVR
999 _c29582
_d29582